| 000 | 00466 a2200133 4500 | ||
|---|---|---|---|
| 020 | _a007707713X : | ||
| 082 | _a624.15136 ATK | ||
| 100 | _aAtkinson, J. H. | ||
| 245 |
_aAn introduction to the mechanics of soils and foundations : _bthrough critical state soil mechanics / _cJohn Atkinson. |
||
| 260 |
_aLondon ; _aNew York : _bMcGraw-Hill Book Co., _c1993. |
||
| 300 |
_axviii, 337 p. : _bill. ; _c25 cm. |
||
| 650 | _aSoil mechanics. | ||
| 650 | _aFoundations. | ||
| 650 | _aSlopes (Soil mechanics) | ||
| 999 |
_c1045 _d1045 |
||